| 000 | 01476nam0a2200349 4500 | ||
|---|---|---|---|
| 001 | RU\NLR\BIBL_A\022544485 | ||
| 005 | 20250803042210.0 | ||
| 010 | _a978-5-6048047-6-6 | ||
| 035 | _a(NLR Aleph) 022544485 | ||
| 090 |
_a13453290 _c13453290 |
||
| 100 | _a20250519d2025 |||y0rusy50 ca | ||
| 101 | 0 |
_aeng _arus |
|
| 102 | _aRU | ||
| 105 | _aa z 000ay | ||
| 181 | 0 |
_ai1 _baxxe |
|
| 181 | 0 |
_ab3 _bab2e |
|
| 182 | 0 | _an | |
| 200 | 1 |
_aSpotty and the colours _e[учебное пособие по чтению на английском языке для детей младшего школьного возраста] _fNatalia Zub _g[иллюстрации Юлии Соловьевой] |
|
| 203 |
_aТекст _aИзображение _bвизуальные _cнепосредственные |
||
| 210 |
_a[Казань] _cSmart english _d2024 |
||
| 215 |
_a27 с. _cцв. ил. _d21 |
||
| 225 | 1 |
_aFunny stories _vpt. 1 |
|
| 300 | _aТекст на англ. и рус. яз. | ||
| 541 | 1 | _aСпотти и цвета | |
| 606 | 1 |
_aАнглийский язык _jХрестоматии для начальной школы _9972309 _3RU\NLR\AUTH\6646032 |
|
| 686 | 3 | _aШ143.21-93рус21[1/4] | |
| 700 | 1 |
_7ba _8rus _aZub _bN. _gNatal'ja _9256708 _3RU\NLR\AUTH\770256764 |
|
| 702 | 1 |
_4440 _7ba _8rus _aSolov'eva _bJ. _cиллюстратор _gJulija _9256710 _3RU\NLR\AUTH\770256766 |
|
| 942 | _cBOOK | ||
| 980 | _aNB | ||